000 01817nam a2200397 a 4500
001 vtls000196150
003 NLI
005 20210602113030.0
008 101125s1974 miua 001 0 eng
020 _a0250400383 :
_cUSD 12.50
039 9 _y201011252323
_zVLOAD
040 0 _aNLI
_beng
_cDatasoft 1
_eAACR2
041 0 _aeng
044 _amiu
082 0 4 _a333.910973
245 0 0 _aWater and community development :
_bsocial and economic perspectives /
_cedited by Donald R. Field, James C. Barron [and] Burl F. Long
260 _aAnn Arbor, Mich. :
_bAnn Arbor Science Publishers,
_c1974
300 _aviii, 302 p. :
_bill. ;
_c24 cm.
440 0 _aMan, his community and natural resources
_9313164
500 _aPapers from a conference sponsored by the State of Washington Water Research Center, the Dept. of Agricultural Economics, Washington State University, and the College of Forest Resources, University of Washington
504 _aIncludes bibliographical references and index
650 0 _aWater resources development
_zUnited States
_9138780
650 0 _aCommunity development
_zUnited States
_987084
700 1 _aField, Donald R.,
_4edt
_9307475
700 1 _aBarron, James C.,
_4edt
_9374440
700 1 _aLong, Burl F.,
_4edt
_9374441
710 2 _aState of Washington Water Research Center
_9374442
710 2 _aWashington State University.
_bDepartment of Agricultural Economics
_9374443
710 2 _aUniversity of Washington.
_bCollege of Forest Resources
_9374444
887 _a
901 _a428257
_b06.10.1976
902 _aE 333.910973 F 454
942 _2ddc
_cBKS
949 _AVIRTUAITEM
_D10000
_X100
_6PUR000428257ENG
999 _aVIRTUA40
_c200066
_d200066
999 _aVTLSSORT0080*0200*0400*0410*0440*0820*2450*2600*3000*4400*5000*5040*6500*6501*7000*7001*7002*7100*7101*7102*9010*9020*9490*9991